| 000 | 00905nam a2200253Ia 4500 | ||
|---|---|---|---|
| 003 | GCL | ||
| 008 | 140319s9999 xx 000 0 ara d | ||
| 040 |
_aGCL / _cGCL |
||
| 082 | 0 | 4 |
_a374.02 _bج ق |
| 100 | 1 | _aمحمد عمادالدين اسماعيل (مترجم) | |
| 245 | 1 | 0 |
_aقيادة الجماعة التعليمية / _cمحمد عمادالدين اسماعيل (مترجم) |
| 700 | 1 | _aجمعية تعليم الكبار الامريكية | |
| 700 | 1 | _aسيد عبدالحميد مرسى (مترجم) | |
| 260 |
_a[S.N] : _bدار نهضة مصر للطبع والنشر ، _c1968 |
||
| 300 | _a81 ص | ||
| 490 | _a | ||
| 650 | 0 | 4 | _aطرق التدريس |
| 650 | 0 | 4 | _aالتعليم |
| 650 | 0 | 4 | _aتعليم الكبار |
| 650 | 0 | 4 | _aالولايات المتحدة الامريكية |
| 650 | 0 | 4 | _aمحو الامية |
| 650 | 0 | 4 | _aطرق التجارة |
| 942 |
_2ddc _cBK |
||
| 999 |
_c34435 _d34435 |
||